L.O.Y.L - P1harmony - Statistics

General Stats
  • This quiz has been taken 11 times
  • The average score is 179 of 243
Answer Stats
Hint Answer % Correct
Gomin ma i
100%
me
100%
my
100%
a
88%
be
88%
beat
88%
ideal
88%
it
88%
life
88%
Gipi deo ne mamdo love
88%
of
88%
the
88%
thing
88%
wait
88%
when
88%
you
88%
all
75%
at
75%
baby
75%
can
75%
catch
75%
Malhae bameun jjalba dont
75%
down
75%
face
75%
get
75%
give
75%
goes
75%
gon
75%
heart
75%
im
75%
in
75%
kind
75%
know
75%
like
75%
line
75%
lock
75%
ara lookin
75%
make
75%
never
75%
no
75%
now
75%
out
75%
place
75%
same
75%
smack
75%
space
75%
strike
75%
take
75%
wanna
75%
way
75%
your
75%
but
63%
coming
63%
cry
63%
easy
63%
everydays
63%
fast
63%
find
63%
for
63%
game
63%
gotta
63%
its
63%
new
63%
night
63%
Nun tteji malgo | nun tteji malgo one
63%
Nae jarin anya second
63%
somehow
63%
Urin starting
63%
tap
63%
time
63%
waste
63%
wont
63%
and
50%
baneunghaneun
Ne mom anui sepokkaji
Ikkeullyeo saekomhaji
bite
50%
hearts
50%
how
50%
ladies
50%
lighting
50%
taste
50%
yeah
50%
Aetage han daeum nan geomeojwim
Aesseo sumgyeo bojiman tiga na
Mak jwieotda pyeotda hajiman
Nan daeum geurigo daeum geurigo daeum
Mireonaelge neoneun danggideunga
Dwireul doljiman neon
around
38%
gimme
38%
outta
38%
youll
38%
daze
25%
vibe
25%
No matching quizzes found
Score Distribution
Percent of People with Each Score
Percentile by Number Answered
Your Score History
You have not taken this quiz